Panchayati raj in India / (Record no. 54567)
[ view plain ]
| 000 -LEADER | |
|---|---|
| fixed length control field | 00917naa a2200217 4500 |
| 005 - DATE AND TIME OF LATEST TRANSACTION | |
| control field | 20110729154243.0 |
| 010 ## - LCCN (DPL NO) | |
| LC control number | B-441241 |
| 020 ## - INTERNATIONAL STANDARD BOOK NUMBER | |
| Terms of availability | 60.00 |
| International Standard Book Number | 9788123751887 |
| 035 ## - SYSTEM CONTROL NUMBER | |
| System control number | B-441241 |
| 037 ## - SOURCE OF ACQUISITION | |
| Source of stock number/acquisition | Allied Publishers |
| 082 14 - DEWEY DECIMAL CLASSIFICATION NUMBER | |
| Classification number | 352.00722 |
| 100 1# - MAIN ENTRY--PERSONAL NAME | |
| Personal name | Aslam, M. |
| 245 1# - TITLE STATEMENT | |
| Title | Panchayati raj in India / |
| Statement of responsibility, etc | by M. Aslam |
| 260 ## - PUBLICATION, DISTRIBUTION, ETC. (IMPRINT) | |
| Place of publication, distribution, etc | New Delhi |
| Name of publisher, distributor, etc | National Book Trust, India |
| Date of publication, distribution, etc | 2010(repr.). |
| 270 ## - ADDRESS | |
| Address | A-5, Green Park |
| City | New Delhi |
| Postal code | 110 016 |
| 300 ## - PHYSICAL DESCRIPTION | |
| Extent | xiii, 217p. |
| Dimensions | 22cm (Hpbk) |
| 490 ## - SERIES STATEMENT | |
| Series statement | India-the land and the people |
| -- | 30547 |
| 942 ## - ADDED ENTRY ELEMENTS (KOHA) | |
| Institution code [OBSOLETE] | dpl |
| Item type | English Books |
| Call number prefix | |
| Source of classification or shelving scheme | Dewey Decimal Classification |
| Classification part | 352.00722 |
| Call number suffix | ASL |
| Withdrawn status | Lost status | Not for loan | Collection code | Home library | Current library | Date acquired | Source of acquisition | Cost, normal purchase price | Full call number | Barcode | Copy number | Cost, replacement price | Koha item type | Public note |
|---|---|---|---|---|---|---|---|---|---|---|---|---|---|---|
| Non-fiction | Central Library | Central Library | 29/07/2011 | Allied Publishers/CR/0000056/20.4.11/85/24.3.11/10.6.11 | 60.00 | 352.00722 ASL | B-441241 | 1 | 60.00 | English Books | Legal Case (Register 2018) |
